| 000 | 01160cad a22001935a 4500 | ||
|---|---|---|---|
| 001 | L157611 | ||
| 008 | 130131s2013 xxk f 000 0 eng d | ||
| 035 | _a(Sirsi) u157611 | ||
| 041 | 0 | _aeng | |
| 110 | 2 |
_aUnited Kingdom _bDepartment for Environment, Food and Rural Affairs |
|
| 245 | 0 | 0 |
_aGovernment's Forestry and Woodlands Policy Statement _h[elecronic resource] |
| 260 |
_aLondon _bDEFRA _c2013 |
||
| 520 | _aPolicy statement incorporates the Government's response to the Independent Panel on Forestry's Final Report. It sets out priorities for future Government policy making focusing on protecting, improving and expanding public and private woodlands. The statement also confirms that the Public Forest Estate will remain in public ownership and a new body will be established to hold the Estate in trust for the nation and manage it for the long term benefit of people, the economy and the environment. | ||
| 590 | _aKA | ||
| 651 | 4 |
_aEngland _y886- |
|
| 690 |
_aEnvironment _96238 |
||
| 856 | 4 | 0 |
_uhttps://www.defra.gov.uk/publications/files/pb13871-forestry-policy-statement.pdf _zView the statement free of charge at www.defra.gov.uk |
| 942 | _n0 | ||
| 999 |
_c114868 _d114868 |
||